000 00616cam a2200145 4500500
005 20260111094223.0
041 _afre
042 _adc
100 1 0 _aBlanquie, Christophe
_eauthor
245 0 0 _aLouis Pérouas, Pierre Robert (1589-1658). Un Magistrat du Dorat entre érudition et observation, avant-propos de Michel Cassan, Limoges, pulim, 119 p., 80 F.
260 _c2001.
500 _a2
786 0 _nHistoire & Sociétés Rurales | 16 | 2 | 2001-10-01 | p. 205n-268n | 1254-728X
856 4 1 _uhttps://shs.cairn.info/revue-histoire-et-societes-rurales-2001-2-page-205n?lang=fr&redirect-ssocas=7080
999 _c1628387
_d1628387